000 00193 a2200097 4500
020 _a9780673758446
041 _aspa
100 _aBueller, Mark
245 _aLa trompa del elefante
942 _cBK
999 _c31939
_d31937